| 000 | 01078nam0a22002891 4500 | ||
|---|---|---|---|
| 001 | rc\430735 | ||
| 005 | 20250621082908.0 | ||
| 035 | _a(NLR Aleph) 005677456 | ||
| 090 |
_a7039075 _c7039075 |
||
| 100 | _a20030616d1987 |||y0rusy50 ca | ||
| 101 | 0 | _arus | |
| 102 | _aRU | ||
| 105 | _aa ||||||||| | ||
| 200 | 1 |
_aСбор данных в управляющих вычислительных системах _fМ. Краус, Э. Кучбах, О.-Г. Вошни _gПер. с нем. М.М. Гельмана |
|
| 210 |
_aМ. _cМир _d1987 |
||
| 215 |
_a296 с. _cил. _d22 |
||
| 300 | _aПеревод изд.: Handbuch Datenerfassung / Manfred Kpaus, Ernst Kutschbach, Eugen-Georg Woschni (Berlin, 1984) | ||
| 320 | _aБиблиогр. в конце глав | ||
| 320 | _aПредм. указ.: с. 293-294 | ||
| 700 | 1 |
_aКраус _bМ. _gМанфред |
|
| 701 | 1 |
_aКучбах _bЭ. _gЭрнст |
|
| 701 | 1 |
_aВошни _bО.-Г. _gОйген-Георг |
|
| 801 | 0 |
_aRU _bNLR _gpsbo |
|
| 801 | 1 |
_aRU _bELAR _2rusmarc |
|
| 852 |
_aNLR _j88-5/42 |
||
| 942 | _cBOOK | ||
| 980 | _aNB | ||